logo

Bir Sreshtho Munshi Abdur Rouf Library
Jhenaidah Cadet College

অবজেক্ট ওরিয়েন্টেড প্রোগ্রামিং পিএইচপি / (Record no. 11822)

MARC details
000 -LEADER
fixed length control field 00941nam a2200265 a 4500
001 - CONTROL NUMBER
JCCL Control Number 11822
003 - CONTROL NUMBER IDENTIFIER
JCCL marc code BD-JhCC
005 - DATE AND TIME OF LATEST TRANSACTION
control field 20201108100646.0
008 - FIXED-LENGTH DATA ELEMENTS--GENERAL INFORMATION
fixed length control field 190628b2014 bg a|||| ||a| 000 0 Mul d
020 ## - INTERNATIONAL STANDARD BOOK NUMBER
International Standard Book Number 984300003294
035 ## - SYSTEM CONTROL NUMBER
system control number (BD-JhCC)11822
040 ## - CATALOGING SOURCE
Original cataloging agency BD-JhCC
Modifying agency BD-JhCC
041 ## - LANGUAGE CODE
Language code of Book Mul
082 ## - DEWEY DECIMAL CLASSIFICATION NUMBER
Classification number 005.2762
Author mark and Year PHP 2014
245 ## - TITLE STATEMENT
Title অবজেক্ট ওরিয়েন্টেড প্রোগ্রামিং পিএইচপি /
Statement of responsibility, etc সম্পা: বুকবিডি সিরিজ ।
260 ## - PUBLICATION, DISTRIBUTION, ETC. (IMPRINT)
Place of publication, distribution, etc ঢাকা:
Name of publisher, distributor, etc জ্ঞানকোষ প্রকাশনী;
Date of publication, distribution, etc ২০১৪.
300 ## - PHYSICAL DESCRIPTION
Pagination 495 p. :
Other physical details ill;
Dimensions 24 cm.
650 ## - SUBJECT ADDED ENTRY--TOPICAL TERM
Topical term or geographic name as entry element Web site development
650 ## - SUBJECT ADDED ENTRY--TOPICAL TERM
Topical term or geographic name as entry element PHP (Computer program language)
650 ## - SUBJECT ADDED ENTRY--TOPICAL TERM
Topical term or geographic name as entry element Apache (Computer file : Apache Group)
650 ## - SUBJECT ADDED ENTRY--TOPICAL TERM
Topical term or geographic name as entry element SQL (Computer program language)
700 ## - ADDED ENTRY--PERSONAL NAME
Personal name সিরিজ,বুকবিডি
942 ## - ADDED ENTRY ELEMENTS (KOHA)
Source of classification or shelving scheme Dewey Decimal Classification
Koha item type Books
Koha issues (borrowed), all copies 2
Holdings
Source of classification or shelving scheme Damaged status Not for loan Home library Current library Shelving location Date of accession Source of acquisition Cost, normal purchase price Total Checkouts Full call number Barcode Date last seen Copy number Koha item type
Dewey Decimal Classification     JCC Rouf Library JCC Rouf Library General Stacks 11/08/2020 Lt. Gen. Mahfuzur Rahman (10th intake) 278.00   005.2762 PHP 2014 16062 11/08/2020 C-1 Books

JCC Library | Contacts | JCC Home

Last Update on 23 September 2017
Copyright @ 2017-2020 JCC Rouf Library
Rouf Library, Jhenidah Cadet College (JCC), Bangladesh